5 países mais desenvolvidos por continente - Statistics

Estatísticas Gerais
  • Esse quiz foi jogado 95 vezes
  • A pontuação média é 22 de 30
Estatísticas das Respostas
Continente IDH Países % Correto
Europa 0,959 Alemanha / Suécia
94%
América do Norte 0,939 Canadá
93%
América do Norte 0,938 Estados Unidos
93%
Europa 0,970 Noruega / Suíça
93%
América do Sul 0,865 Argentina
91%
América do Sul 0,862 Uruguai
90%
América do Sul 0,878 Chile
89%
América do Sul 0,788 Colômbia
88%
Ásia 0,925 Japão
87%
América do Sul 0,794 Peru
87%
Oceania 0,958 Austrália
85%
Oceania 0,938 Nova Zelândia
84%
África 0,754 Egito
83%
Ásia 0,937 Coreia do Sul
82%
América do Norte 0,839 Panamá
73%
Ásia 0,946 Singapura
73%
África 0,763 Argélia
70%
Europa 0,962 Dinamarca
67%
África 0,746 Tunísia
66%
Ásia 0,940 Emirados Árabes Unidos
63%
Europa 0,972 Islândia
62%
Oceania 0,733 Ilhas Marshall
60%
Europa 0,955 Países Baixos
60%
Oceania 0,786 Palau
55%
Oceania 0,769 Tonga
55%
Ásia 0,919 Israel
48%
África 0,806 Maurícia
45%
África 0,848 Seychelles
44%
América do Norte 0,840 São Cristóvão e Nevis
43%
América do Norte 0,851 Antígua e Barbuda
40%
Nenhum quiz correspondente encontrado
Distribuição das Pontuações
Porcentagem de Pessoas com Cada Pontuação
Percentil de Números Respondidos
Sua Pontuação Histórica
Você não jogou esse quiz